000 00858nam a22002417a 4500
003 0
005 20250506123722.0
008 250506b xxu||||| |||| 00| 0 eng d
020 _a9786214271375
050 _aK 1705
_b.P419 2023
100 _aPeñaflor, Lito A.
_e[author]
245 _aLabor laws and social legislation
_c Lito A. Peñaflor and Karyl O. Peñaflor
250 _aSecond edition
260 _aManila
_bUnlimited Books Library Services & Publishing Inc.
_cc2023
300 _axii, 457 pages ;
_c26cm.
504 _aIncludes bibliographical references and index.
650 _aLabor laws and legislation -- Philippines.
650 _aSocial legislation.
650 _aEmployee rights—Law and legislation.
650 _aLabor policy—Law and legislation—Philippines.
700 _aPeñaflor, Karyl O.
942 _2lcc
_cBK
999 _c367448
_d367448